Online Catalogue and eLibrary

Gender relations-the missing link in the development puzzle : (Record no. 1792)

MARC details
000 -LEADER
fixed length control field 00345nam a2200097Ia 4500
008 - FIXED-LENGTH DATA ELEMENTS--GENERAL INFORMATION
fixed length control field 240331s9999 xx 000 0 und d
082 ## - DDC Classification
Item Number - Author Mark BLE
100 ## - MAIN ENTRY--PERSONAL NAME
Personal name Blete, T
245 #0 - TITLE STATEMENT
Title Gender relations-the missing link in the development puzzle :
Remainder of title a selected and annotated bibliographic guide to theoretical efforts land South Asian experiences
942 ## - Koha item type (Biblio)
Koha item type Books in Stacks (Lending)
Holdings
Lost status Damaged status Collection code Home library Current library Shelving location Date acquired Full call number Accession Number Item type
    Lending WERC Library WERC Library Social Science Cupboard 03/31/2024 305.4016 BLE 460 Books in Stacks (Lending)

© WERC Library